000 00700nam a2200145Ia 4500
008 220620s9999||||xx |||||||||||||| ||und||
020 _a9782890000000
022 _a16648714
245 0 _aCoping With Extreme Environments: A Physiological/Psychological Approach
546 _aEnglish[eng]
650 _aUnsteady states||Physiological challenges||Hyperbaric||temperature||Diving||Parabolic flights||stress||coping||Learning||Oxygen
700 _aBalestra, Costantino||Kot, Jacek||Efrati, Shai||Guerrero, François||Blatteau, Jean-Eric||Besnard, Stéphane
856 _uhttps://www.frontiersin.org/research-topics/5814/extreme-environments-in-movement-science-and-sport-psychology
942 _cEB
999 _c23101
_d23101